01184nam0a22002171i 4500001001100000005001700011021001900028035002600047100004100073101000800114102000700122105001800129200061400147210002300761215001500784333003900799700006200838801001800900801002200918852002600940rc\415270220240724154617.0 aRUb[53-27196] a(NLR Aleph) 007992635 a20130415d1953 |||y0rusy50 ca0 arus aRU ay d |||||1 aКоммунистическая партия Советского Союза в борьбе за повышение производительности труда в промышленностиe(На материалах Воронежской обл. 1946-1950 гг.)eАвтореферат дис. на соискание учен. степени кандидата ист. наукfИн-т повышения квалификации преподавателей марксизма-ленинизма при Моск. ордена Ленина гос. ун-те им. М.В. Ломоносова aМоскваd1953 a16 с.d21 aНа правах рукописи 1aСеменовbС.С.gСергей Семенович 0aRUbNLRgpsbo 1aRUbELAR2rusmarc aNLRjИп10 Г-4/1152